000 00670nam a2200217 4500
003 OSt
005 20240715081817.0
006 a
008 240715b |||||||| |||| 00| 0 eng d
020 _a9710489633
040 _aDWCL-Main lib.
_cOC
082 _22010 edition
_aFil. 658.460 C117m 2010
100 _aCabrera, Ma. Elenita Balatbat
245 _aManagement consultancy: principles and engagements /
250 _a2010 edition
260 _aManila :
_bGIC Enterprises & Co., Inc.,
_cc2010.
300 _axx,
_b875 p. ;
_c23 cm.
504 _aIncludes bibliographical references.
650 _a1. Management.
942 _2ddc
_n0
_cBK - FIL
_e2010 edition
_kFil.
999 _c2210
_d2210